[Event "42nd Olympiad 2016"]
[Site "Baku AZE"]
[Date "2016.09.09"]
[Round "7.54"]
[Board "4"]
[White "Yamada, Kohei"]
[Black "Ben Youssef, Anis"]
[Result "1-0"]
[WhiteTitle "CM"]
[WhiteElo "2100"]
[BlackElo "1893"]
[WhiteTeam "Japan"]
[BlackTeam "Tunisia"]
[WhiteFideId "7000936"]
[BlackFideId "5507847"]
[EventDate "2016.09.02"]

1. d4 d5 2. c4 e6 3. Nc3 Nf6 4. cxd5 exd5 5. Bg5 Be7 6. Qc2 Be6 7. e3 Qd7 8. Bd3
Nc6 9. a3 h6 10. Bh4 a6 11. Nf3 O-O 12. O-O Qd8 13. Rac1 Ne8 14. Bg3 Bd6 15. Ne5
Ne7 16. Ne2 Rc8 17. b4 c6 18. Nf4 Bd7 19. Qb1 Qc7 20. h3 Nf6 21. Rfd1 Qb8 22.
Bh7+ Kh8 23. Bc2 Rce8 24. Bd3 Bc7 25. a4 Nc8 26. Nxd7 Nxd7 27. b5 axb5 28. axb5
Ne7 29. Rd2 g5 30. Ne2 Nf6 31. Rb2 Bxg3 32. Nxg3 Qd6 33. bxc6 bxc6 34. Rb6 Rb8
35. Nf5 Nxf5 36. Bxf5 Rxb6 37. Qxb6 Rb8 38. Qxc6 Qxc6 39. Rxc6 Kg7 40. Rc7 Kf8
41. Rc8+ Rxc8 42. Bxc8 Ke7 43. Bf5 Ne8 44. Kf1 Nd6 45. Bd3 Ne8 46. Ke2 Nf6 47.
g4 Kd6 48. Bf5 Ne8 49. f3 Nc7 50. Kd3 Na6 51. Kc3 Nb8 52. Kb4 Nc6+ 53. Kb5 Na7+
54. Ka6 Nc6 55. Kb6 Ne7 56. Kb7 Nc6 57. Kc8 Na5 58. Kd8 Nc4 59. Ke8 Nxe3 60.
Kxf7 Nd1 61. Kg6 Nf2 62. Kxh6 Nxh3 63. Bc2 Ng1 64. Bd1 Nh3 65. Kg6 Ke6 66. Bc2
Kd6 67. Kf6 Ng1 68. Bd1 Nh3 69. Kf5 Ke7 70. Ke5 Nf4 71. Bb3 Nd3+ 72. Kxd5 Nf4+
73. Ke5 Nd3+ 74. Kf5 Ne1 75. Bd1 Kd6 76. Kxg5 Kd5 77. Kf6 Nd3 78. g5 1-0

[Event "42nd Olympiad 2016"]
[Site "Baku AZE"]
[Date "2016.09.09"]
[Round "7.55"]
[Board "1"]
[White "Dervishi, Erald"]
[Black "Joseph, Elton"]
[Result "1-0"]
[WhiteTitle "GM"]
[BlackTitle "CM"]
[WhiteElo "2564"]
[BlackElo "1842"]
[WhiteTeam "Albania"]
[BlackTeam "Bahamas"]
[WhiteFideId "4700236"]
[BlackFideId "10400036"]
[EventDate "2016.09.02"]

1. e4 c5 2. Nf3 Nc6 3. d4 cxd4 4. Nxd4 Nf6 5. Nc3 e5 6. Ndb5 d6 7. Bg5 a6 8. Na3
b5 9. Nd5 Be7 10. Bxf6 Bxf6 11. c3 O-O 12. Nc2 Bg5 13. Be2 Ne7 14. Ncb4 a5 15.
Nxe7+ Qxe7 16. Nd5 Qb7 17. Qd3 Rb8 18. a3 Be6 19. Rd1 b4 20. axb4 Bxd5 21. Qxd5
Qxd5 22. Rxd5 axb4 23. Rxd6 bxc3 24. bxc3 Rfc8 25. h4 Bd8 26. Rh3 Ba5 27. Rdd3
Kf8 28. Bd1 Rb2 29. Rhe3 Ke7 30. g3 Rc4 31. Kf1 Bb6 32. Re2 Rxe2 33. Bxe2 Rxe4
34. Rd5 Bc7 35. Bb5 Bd6 36. Rd1 Rg4 37. Ra1 Bc5 38. Ra8 Rg6 39. Re8+ Kd6 40. Kg2
Rf6 41. f3 h6 42. Bc4 Bb6 43. h5 Ba5 44. Rg8 Bxc3 45. Rxg7 Ke7 46. Rg8 Bb2 47.
Rb8 Bd4 48. Bd5 Be3 49. Kf1 Rf5 50. Ke2 Bc1 51. Rb7+ Kf8 52. Kd3 Rxh5 53. Rxf7+
Ke8 54. Rc7 Rh1 55. Ke4 Re1+ 56. Kf5 Bg5 57. Ke6 Kf8 58. Be4 Rc1 59. Rf7+ Kg8
60. Rb7 Rg1 61. g4 Ra1 62. Kxe5 Kf8 63. Bc6 Ra5+ 64. Bb5 Ra1 65. f4 Re1+ 66. Kf5
Bh4 67. Bc4 Re7 68. Rb6 Rc7 69. Bd5 Rc5 70. Ke6 Bg3 71. Rb3 Bh2 72. Rb4 Bg3 73.
f5 Rc8 74. Rb7 Bh4 75. f6 Bg5 76. Kf5 Rd8 77. Be6 Ra8 78. Rg7 Ra5+ 79. Kg6 Bxf6
80. Kxf6 Rg5 81. Rc7 1-0

[Event "42nd Olympiad 2016"]
[Site "Baku AZE"]
[Date "2016.09.09"]
[Round "7.55"]
[Board "2"]
[White "Knowles, Kendrick"]
[Black "Mehmeti, Dritan"]
[Result "0-1"]
[WhiteTitle "CM"]
[BlackTitle "IM"]
[WhiteElo "1825"]
[BlackElo "2415"]
[WhiteTeam "Bahamas"]
[BlackTeam "Albania"]
[WhiteFideId "10400451"]
[BlackFideId "4700600"]
[EventDate "2016.09.02"]

1. d4 c5 2. d5 g6 3. Nc3 Bg7 4. e4 d6 5. Bb5+ Bd7 6. Bxd7+ Nxd7 7. Nge2 Ngf6 8.
O-O b5 9. f3 b4 10. Nb1 O-O 11. c3 a5 12. Be3 Qb6 13. Nd2 Qa6 14. c4 a4 15. Rc1
Rfb8 16. Nf4 Ne5 17. Qe2 Nfd7 18. h4 h5 19. Nh3 Re8 20. Ng5 Qc8 21. Rfd1 Nf8 22.
Nf1 Nh7 23. Nh3 Rf8 24. Nf4 Qd7 25. Kh1 Rae8 26. Nh2 Nf6 27. Rg1 Qc8 28. g4 hxg4
29. Bf2 Bh6 30. Bg3 gxf3 31. Nxf3 Bxf4 32. Bxf4 Qh3+ 33. Nh2 Qxh4 34. Bxe5 dxe5
35. Rce1 Kg7 36. Qe3 Rh8 37. Re2 Ng4 38. Qg3 Qxg3 39. Rxg3 Nxh2 40. Rxh2 Rxh2+
41. Kxh2 Rh8+ 42. Kg2 Rh4 43. Re3 Rf4 44. Re2 Kf8 45. b3 a3 46. Re3 Ke8 47. Kg3
Kd7 48. Rf3 Rxf3+ 49. Kxf3 f5 50. Ke3 Ke8 0-1

[Event "42nd Olympiad 2016"]
[Site "Baku AZE"]
[Date "2016.09.09"]
[Round "7.55"]
[Board "3"]
[White "Pasko, Llambi"]
[Black "Gibson, Franklyn"]
[Result "1-0"]
[WhiteElo "2316"]
[BlackElo "1987"]
[WhiteTeam "Albania"]
[BlackTeam "Bahamas"]
[WhiteFideId "4701178"]
[BlackFideId "10400028"]
[EventDate "2016.09.02"]

1. d4 d5 2. c4 c6 3. Nf3 Nf6 4. Nc3 e6 5. e3 Nbd7 6. Bd3 dxc4 7. Bxc4 b5 8. Bd3
Bb7 9. e4 b4 10. Na4 c5 11. e5 Nd5 12. dxc5 Nxc5 13. Bb5+ Nd7 14. Bg5 Qa5 15.
Nd4 Rc8 16. O-O a6 17. Bxd7+ Kxd7 18. Qb3 h6 19. Bd2 Nb6 20. Nxb6+ Qxb6 21. Qa4+
Kd8 22. Be3 Bc5 23. Rfd1 Ke7 24. Nf5+ exf5 25. Rd7+ Kf8 26. Qb3 Qe6 27. Qxe6
fxe6 28. Bxc5+ Rxc5 29. Rd8+ Kf7 30. Rxh8 Rxe5 31. Rb8 Rb5 32. Rc1 Bd5 33. Rxb5
axb5 34. Rc5 Bc4 35. f4 g5 36. g3 gxf4 37. gxf4 h5 38. Kf2 Ke7 39. Kg3 Kf6 40.
Kh4 Kg6 41. b3 Bd3 42. Re5 Kf6 43. Kxh5 Bb1 44. Rxb5 Bxa2 45. Rxb4 1-0

[Event "42nd Olympiad 2016"]
[Site "Baku AZE"]
[Date "2016.09.09"]
[Round "7.55"]
[Board "4"]
[White "Moncur, Cecil"]
[Black "Seitaj, Ilir"]
[Result "0-1"]
[WhiteTitle "CM"]
[BlackTitle "IM"]
[WhiteElo "1869"]
[BlackElo "2374"]
[WhiteTeam "Bahamas"]
[BlackTeam "Albania"]
[WhiteFideId "10400583"]
[BlackFideId "4700031"]
[EventDate "2016.09.02"]

1. d4 d5 2. c4 e6 3. Nc3 Nf6 4. cxd5 exd5 5. Bg5 Be7 6. e3 O-O 7. Bd3 Nbd7 8.
Qc2 Re8 9. Nf3 c6 10. O-O Nf8 11. Rab1 a5 12. a3 Be6 13. b4 axb4 14. axb4 N6d7
15. Bxe7 Qxe7 16. b5 c5 17. dxc5 Nxc5 18. Bf5 Rec8 19. Bxe6 Qxe6 20. Nd4 Qd7 21.
Qf5 Nce6 22. Nce2 Rc4 23. Rfd1 Nxd4 24. Nxd4 Rxd4 25. Qf3 Rxd1+ 26. Rxd1 Qxb5
27. h4 Rd8 28. h5 h6 29. Rd4 Ne6 30. Rg4 Qb1+ 31. Kh2 Qb2 32. Qg3 b5 33. f4 b4
34. f5 Ng5 35. Rxg5 hxg5 36. Qxg5 Qf6 37. Qf4 Qd6 0-1

[Event "42nd Olympiad 2016"]
[Site "Baku AZE"]
[Date "2016.09.09"]
[Round "7.56"]
[Board "1"]
[White "Alice, Mateus Felizardo Viageiro"]
[Black "Nedev, Trajko"]
[Result "0-1"]
[WhiteTitle "FM"]
[BlackTitle "GM"]
[WhiteElo "2164"]
[BlackElo "2484"]
[WhiteTeam "Mozambique"]
[BlackTeam "FYROM"]
[WhiteFideId "14800047"]
[BlackFideId "15000605"]
[EventDate "2016.09.02"]

1. e4 c5 2. Nf3 d6 3. d4 cxd4 4. Nxd4 Nf6 5. Nc3 a6 6. Be3 e5 7. Nb3 Be7 8. f3
Be6 9. Qd2 Nbd7 10. g4 h6 11. O-O-O b5 12. Nd5 Bxd5 13. exd5 Nb6 14. Bxb6 Qxb6
15. Kb1 b4 16. c3 bxc3 17. Qxc3 O-O 18. h4 Rfc8 19. Bc4 a5 20. g5 Nh5 21. gxh6
g6 22. Nd2 Rab8 23. Rh2 f5 24. Nb3 Bf6 25. Nxa5 e4 26. Qd2 e3 27. Qe1 Bxb2 28.
Nb3 Be5 29. Rc2 Nf4 30. Bd3 Rxc2 31. Bxc2 e2 32. Rd2 Bc3 33. h7+ Kh8 34. Qc1
Bxd2 35. Qxd2 Qg1+ 0-1

[Event "42nd Olympiad 2016"]
[Site "Baku AZE"]
[Date "2016.09.09"]
[Round "7.56"]
[Board "2"]
[White "Pancevski, Filip"]
[Black "Calicoca, Wilton Inacio"]
[Result "1-0"]
[WhiteTitle "IM"]
[BlackTitle "CM"]
[WhiteElo "2503"]
[BlackElo "2190"]
[WhiteTeam "FYROM"]
[BlackTeam "Mozambique"]
[WhiteFideId "15002187"]
[BlackFideId "14800268"]
[EventDate "2016.09.02"]

1. e4 e5 2. Nf3 Nf6 3. Nxe5 d6 4. Nc4 Nxe4 5. Nc3 Nxc3 6. bxc3 d5 7. Ne3 c6 8.
d4 Bd6 9. Bd3 Nd7 10. Nf5 Qf6 11. Qe2+ Kd8 12. Nxd6 Qxd6 13. O-O h6 14. Qf3 Nf6
15. Bf4 Qe7 16. c4 dxc4 17. Bxc4 Be6 18. Rfe1 Qd7 19. Bf1 Re8 20. Be5 Qd5 21.
Qa3 Rg8 22. c4 Qd7 23. d5 cxd5 24. Rad1 b6 25. Qb2 Rc8 26. Bxf6+ gxf6 27. cxd5 1-0

[Event "42nd Olympiad 2016"]
[Site "Baku AZE"]
[Date "2016.09.09"]
[Round "7.56"]
[Board "3"]
[White "Paiva, Donaldo"]
[Black "Colovic, Aleksandar"]
[Result "0-1"]
[WhiteTitle "CM"]
[BlackTitle "GM"]
[WhiteElo "2164"]
[BlackElo "2432"]
[WhiteTeam "Mozambique"]
[BlackTeam "FYROM"]
[WhiteFideId "14800098"]
[BlackFideId "15000729"]
[EventDate "2016.09.02"]

1. d4 Nf6 2. c4 e6 3. Nc3 Bb4 4. Qc2 O-O 5. Nf3 c5 6. dxc5 Na6 7. a3 Bxc3+ 8.
Qxc3 Nxc5 9. b4 Nce4 10. Qd4 d6 11. Ng5 e5 12. Qd1 a5 13. b5 Nc5 14. Be3 Qc7 15.
Qc2 g6 16. Bxc5 Qxc5 17. Ne4 Nxe4 18. Qxe4 Bf5 19. Qd5 Qxd5 20. cxd5 Rfc8 21. e3
Rc2 22. Be2 Rac8 23. Bd1 Rb2 24. O-O Bd3 25. Re1 Bxb5 26. a4 Bd3 27. e4 f5 28.
f3 fxe4 29. fxe4 Rc4 0-1

[Event "42nd Olympiad 2016"]
[Site "Baku AZE"]
[Date "2016.09.09"]
[Round "7.57"]
[Board "1"]
[White "Wojciechowski, Paul"]
[Black "Maharjan, Sajin"]
[Result "0-1"]
[WhiteTitle "CM"]
[WhiteElo "1992"]
[BlackElo "2034"]
[WhiteTeam "Jersey"]
[BlackTeam "Nepal"]
[WhiteFideId "15600017"]
[BlackFideId "12301906"]
[EventDate "2016.09.02"]

1. e4 c5 2. Nf3 g6 3. d4 cxd4 4. Nxd4 Nc6 5. Nc3 Bg7 6. Be3 Nf6 7. Bc4 O-O 8.
Bb3 a5 9. f3 d5 10. Bxd5 Nxd5 11. exd5 Nb4 12. Nde2 e6 13. O-O Nxd5 14. Nxd5
exd5 15. c3 a4 16. Qd2 Re8 17. Rfe1 a3 18. b3 Ra6 19. Bd4 Bf8 20. Rad1 Rae6 21.
Nf4 Bh6 22. Rxe6 fxe6 23. Qe3 e5 24. Bxe5 Qe7 25. Rxd5 Bg7 26. Nd3 Be6 27. Rc5
Bf5 28. Rc7 Qxc7 0-1

[Event "42nd Olympiad 2016"]
[Site "Baku AZE"]
[Date "2016.09.09"]
[Round "7.57"]
[Board "2"]
[White "Niraula, Bhupendra"]
[Black "Belzo, Krzysztof"]
[Result "1-0"]
[WhiteTitle "CM"]
[BlackTitle "CM"]
[WhiteElo "2071"]
[BlackElo "2044"]
[WhiteTeam "Nepal"]
[BlackTeam "Jersey"]
[WhiteFideId "12300128"]
[BlackFideId "1126768"]
[EventDate "2016.09.02"]

1. e4 d5 2. exd5 Qxd5 3. Nc3 Qa5 4. Bc4 Nf6 5. d3 c6 6. Bd2 Qc7 7. Qe2 Bf5 8.
O-O-O Nbd7 9. f3 h5 10. h4 Nb6 11. Bb3 Nbd5 12. Nxd5 Nxd5 13. g4 Be6 14. Nh3
hxg4 15. fxg4 Qd7 16. Nf2 Nc7 17. Rdf1 f6 18. g5 Bxb3 19. axb3 O-O-O 20. g6 e5
21. Ne4 Ne6 22. Be3 Nd4 23. Bxd4 Qxd4 24. h5 Rh6 25. Qf2 Qxf2 26. Rxf2 Kd7 27.
Kd2 Ke6 28. Ng3 Rh8 29. Ke2 Rd4 30. Ne4 Be7 31. c3 Rd5 32. Ng3 e4 33. dxe4 Rg5
34. Nf5 Bf8 35. h6 gxh6 36. Nh4 Rg8 37. Kf3 Bd6 38. Rg2 Rxg2 39. Kxg2 Bf4 40.
Kf3 Bg5 41. Nf5 Rxg6 42. Rd1 Kf7 43. Rd7+ Kf8 44. Rxb7 Bc1 45. Rxa7 Bxb2 46. c4
Rg1 47. Rc7 Rf1+ 48. Ke2 Rf4 49. Ke3 Bc1+ 50. Kd3 Bb2 51. Rxc6 Rf3+ 52. Kc2 Rf2+
53. Kd1 Bc3 54. c5 Rd2+ 55. Kc1 Re2 56. Rc8+ Kf7 57. c6 Ke6 58. Re8+ 1-0

[Event "42nd Olympiad 2016"]
[Site "Baku AZE"]
[Date "2016.09.09"]
[Round "7.57"]
[Board "3"]
[White "Mooney, Graham"]
[Black "Bhandari, Kshitiz"]
[Result "0-1"]
[WhiteElo "1840"]
[BlackElo "2013"]
[WhiteTeam "Jersey"]
[BlackTeam "Nepal"]
[WhiteFideId "15600106"]
[BlackFideId "12310654"]
[EventDate "2016.09.02"]

1. e4 c5 2. Nf3 d6 3. d4 cxd4 4. Nxd4 Nf6 5. Nc3 a6 6. Be3 e6 7. f3 Be7 8. Qd2
b5 9. Bd3 Bb7 10. O-O Nbd7 11. Nb3 Rc8 12. Rad1 O-O 13. Qf2 Qc7 14. a3 Rfe8 15.
Rfe1 Ba8 16. Bf1 d5 17. exd5 Nxd5 18. Nxd5 Bxd5 19. Nd4 Bf6 20. c3 Ne5 21. Qg3
Qd8 22. Bg5 Bxg5 23. Qxe5 Bf6 24. Qe3 Qb6 25. Nf5 Qb8 26. Ng3 g6 27. Rd2 Bh4 28.
Qf2 Be7 29. Kh1 Bc5 30. Qe2 Bd6 31. Ne4 Bxe4 32. Qxe4 Bxh2 33. Red1 Rc5 34. g4
Bf4 35. Rd4 Bg5 36. Rd7 Qg3 37. Re1 Bf4 38. Re2 Re5 39. Qd3 Re3 40. Qxe3 Bxe3
41. Rxe3 Qf2 42. Red3 Qxf1+ 43. Kh2 Qf2+ 44. Kh3 Qxb2 45. Ra7 Qe2 46. Rdd7 Qxf3+
47. Kh2 Rc8 48. g5 Qh5+ 49. Kg2 Qxg5+ 50. Kf2 Qf4+ 0-1

[Event "42nd Olympiad 2016"]
[Site "Baku AZE"]
[Date "2016.09.09"]
[Round "7.57"]
[Board "4"]
[White "Shrestha, Bilam Lal"]
[Black "Kahn, Tito"]
[Result "1-0"]
[WhiteTitle "FM"]
[WhiteElo "2017"]
[BlackElo "1880"]
[WhiteTeam "Nepal"]
[BlackTeam "Jersey"]
[WhiteFideId "12300047"]
[BlackFideId "15600084"]
[EventDate "2016.09.02"]

1. e4 c5 2. Nf3 e6 3. d4 cxd4 4. Nxd4 a6 5. Be3 Nf6 6. f3 Qc7 7. Nd2 Nc6 8. N2b3
b6 9. Qd2 Bb7 10. Nxc6 Bxc6 11. Bf4 e5 12. Bg5 Be7 13. Be2 h6 14. Bxf6 Bxf6 15.
Rd1 O-O 16. Qd6 Qxd6 17. Rxd6 Bh4+ 18. g3 Be7 19. Rd1 Kh7 20. Bc4 a5 21. Bd5 a4
22. Nc1 a3 23. b3 Bb4+ 24. Ke2 Bc3 25. Bxc6 dxc6 26. Rd6 Rfd8 27. Rhd1 Rxd6 28.
Rxd6 Rc8 29. Kd3 Bd4 30. c3 Bc5 31. Rd7 f6 32. Ke2 b5 33. Nd3 Bf8 34. f4 exf4
35. gxf4 c5 36. Ne1 Kg8 37. Nc2 b4 38. c4 Re8 39. Kf3 Re7 40. Rd5 Kf7 41. h4 Rc7
42. Ne3 g6 43. h5 gxh5 44. Rxh5 Kg6 45. Rd5 h5 46. Nf5 Rh7 47. Nh4+ Kh6 48. Rd8
Rf7 49. Nf5+ Kh7 50. Rd5 Rc7 51. Ng3 h4 52. Nf5 h3 53. Rd2 Kg6 54. Rh2 Rd7 55.
Rxh3 Rd2 56. Rg3+ Kf7 57. Rg2 Rd3+ 58. Ne3 Bd6 59. Re2 Bf8 60. Kg4 Rd4 61. Kf5
Rd3 62. e5 fxe5 63. fxe5 Bh6 64. e6+ Ke8 65. Nd5 Bg7 66. e7 Rf3+ 67. Kg4 1-0

[Event "42nd Olympiad 2016"]
[Site "Baku AZE"]
[Date "2016.09.09"]
[Round "7.58"]
[Board "1"]
[White "Cu Hor, Winston Darwin"]
[Black "Mok, Tze-Meng"]
[Result "1/2-1/2"]
[WhiteTitle "FM"]
[BlackTitle "IM"]
[WhiteElo "2318"]
[BlackElo "2373"]
[WhiteTeam "Guatemala"]
[BlackTeam "Malaysia"]
[WhiteFideId "7300662"]
[BlackFideId "5700329"]
[EventDate "2016.09.02"]

1. Nf3 g6 2. c4 Bg7 3. Nc3 e5 4. g3 d6 5. Bg2 f5 6. d3 Nf6 7. Rb1 a5 8. a3 Nh5
9. Nd5 O-O 10. Bg5 Qd7 11. Qc1 a4 12. O-O Nc6 13. Be3 Na5 14. c5 f4 15. gxf4
Nxf4 16. Nxf4 exf4 17. Bxf4 Nb3 18. Qc4+ Qf7 19. Qxf7+ Rxf7 20. Be3 Nxc5 21. Ng5
Rf5 22. Rfc1 c6 23. Bxc5 Rxc5 24. Rxc5 dxc5 25. Ne4 Bf8 26. b3 Kg7 27. f4 h6 28.
Kf2 Kf7 29. Ke3 axb3 30. Rxb3 Be7 31. Nd2 Ra7 32. Nc4 Be6 33. Kd2 Kf6 34. Rb1 g5
35. fxg5+ hxg5 36. Be4 Kf7 37. Ne5+ Kg7 38. Nc4 Kf8 39. Kc2 Ke8 40. Ne5 Bd6 41.
Nc4 Be7 42. Kd2 Kd8 43. Ne5 Kc7 44. Ng6 Bd6 45. Rg1 g4 46. Nh4 Bxh2 47. Rh1 Bf4+
48. e3 Bd6 49. Bf5 Kd7 50. Rg1 g3 51. e4 Rxa3 52. Bxe6+ Kxe6 53. Nf5 g2 54. Ke2
Ra2+ 55. Kf3 b5 56. Rxg2 Rxg2 57. Kxg2 b4 58. Ne3 b3 59. Nc4 Be5 60. Kf3 Bc3 61.
Ke2 b2 62. Na3 Bb4 63. Nb1 Ke5 64. Kd1 Kd4 65. Kc2 Be1 66. Na3 Bg3 67. Nb1 Bh4
68. Nd2 Be7 69. Nf3+ Ke3 70. Ne5 b1=Q+ 71. Kxb1 Kd4 72. Nxc6+ Kxd3 73. Nxe7 Kxe4 1/2-1/2

[Event "42nd Olympiad 2016"]
[Site "Baku AZE"]
[Date "2016.09.09"]
[Round "7.58"]
[Board "2"]
[White "Ng, Tze Han"]
[Black "Juarez Flores, Carlos A."]
[Result "1-0"]
[BlackTitle "IM"]
[WhiteElo "2190"]
[BlackElo "2392"]
[WhiteTeam "Malaysia"]
[BlackTeam "Guatemala"]
[WhiteFideId "5700795"]
[BlackFideId "7300018"]
[EventDate "2016.09.02"]

1. e4 e6 2. d4 d5 3. Nc3 Bb4 4. e5 Qd7 5. a3 Bxc3+ 6. bxc3 b6 7. Qg4 f5 8. Qg3
Ba6 9. Bxa6 Nxa6 10. a4 O-O-O 11. Ne2 Nb8 12. a5 Kb7 13. h4 Nc6 14. axb6 axb6
15. Nf4 Na5 16. Rxa5 bxa5 17. Nd3 Qf7 18. Nc5+ Kc6 19. c4 dxc4 20. Qc3 Rb8 21.
Qxc4 1-0

[Event "42nd Olympiad 2016"]
[Site "Baku AZE"]
[Date "2016.09.09"]
[Round "7.58"]
[Board "3"]
[White "Lorenzana, Wilson Estuardo"]
[Black "Subramaniam, Sumant"]
[Result "0-1"]
[WhiteTitle "IM"]
[WhiteElo "2239"]
[BlackElo "2137"]
[WhiteTeam "Guatemala"]
[BlackTeam "Malaysia"]
[WhiteFideId "7300239"]
[BlackFideId "5702720"]
[EventDate "2016.09.02"]

1. e4 d5 2. exd5 Qxd5 3. Nc3 Qa5 4. d4 Nf6 5. Nf3 Nc6 6. Bb5 Ne4 7. Bd2 Nxc3 8.
Bxc6+ bxc6 9. Bxc3 Qd5 10. O-O Bg4 11. Re1 Bxf3 12. Qxf3 Qxf3 13. gxf3 O-O-O 14.
a4 e6 15. a5 a6 16. Ra4 Rd5 17. Re4 Bd6 18. h3 h5 19. Bd2 c5 20. Rc4 Rd8 21. c3
cxd4 22. cxd4 Kd7 23. Bc3 Rh8 24. Bd2 Rb5 25. Bc3 Rh6 26. Ra4 Rf6 27. Re3 Rf4
28. Ra1 Rh4 29. f4 Rxf4 30. Rd3 Rbf5 31. Be1 c6 32. Kg2 Rg5+ 33. Kf1 Rb5 34. Bd2
Rff5 35. b3 Bb4 36. Bc3 Bxa5 37. Bb2 g6 38. Ra3 Rfd5 39. Rf3 Ke8 40. Ra4 Rb4 41.
Ra3 Rb6 42. Ra1 Bb4 43. Rc1 Bd6 44. Rc4 Rdb5 45. Rcc3 a5 46. Bc1 Rd5 47. Rfd3
Kd7 48. Be3 Rb7 49. Ke2 Rbb5 50. Rc4 Rb4 51. Rcc3 f5 52. f4 g5 53. fxg5 f4 54.
Bf2 Rxg5 55. Kf3 Rd5 56. Ke2 e5 57. dxe5 Bxe5 58. Rxd5+ cxd5 59. Rc5 Ke6 60.
Rxa5 Rxb3 61. Ra6+ Kf5 62. h4 Ke4 63. Ra4+ d4 64. Be1 Rb2+ 65. Kf1 f3 66. Ra7 d3
67. Rd7 Rb1 68. Kf2 Bd4+ 69. Kf1 d2 70. Re7+ 0-1

[Event "42nd Olympiad 2016"]
[Site "Baku AZE"]
[Date "2016.09.09"]
[Round "7.58"]
[Board "4"]
[White "Liew, Chee-Meng Jimmy"]
[Black "Giron, David"]
[Result "1-0"]
[WhiteTitle "IM"]
[WhiteElo "2202"]
[BlackElo "2174"]
[WhiteTeam "Malaysia"]
[BlackTeam "Guatemala"]
[WhiteFideId "5700019"]
[BlackFideId "7300697"]
[EventDate "2016.09.02"]

1. d4 Nf6 2. Bg5 e6 3. e4 h6 4. Bxf6 Qxf6 5. Nf3 d6 6. e5 Qe7 7. Nc3 Nc6 8. Qd2
a6 9. O-O-O dxe5 10. dxe5 Qb4 11. a3 Qa5 12. Nd4 Nxd4 13. Qxd4 Be7 14. Ne4 O-O
15. f4 Rd8 16. Qxd8+ Bxd8 17. Rxd8+ Kh7 18. Bd3 f5 19. exf6 gxf6 20. Nd6+ f5 21.
Nxc8 h5 22. Rd1 b5 23. Be2 Kh6 24. c3 Qa4 25. R1d4 b4 26. Nb6 Qc6 27. Nxa8 Qxg2
28. Kd2 bxc3+ 29. bxc3 c5 30. R4d7 Qxh2 31. Rh8+ Kg6 32. Rg8+ Kh6 33. Ke3 e5 34.
Rh8+ Kg6 35. Bxh5+ Kf6 36. Rh6# 1-0

[Event "42nd Olympiad 2016"]
[Site "Baku AZE"]
[Date "2016.09.09"]
[Round "7.59"]
[Board "1"]
[White "Tamra, Attallah"]
[Black "Mohtaat, Homayoun"]
[Result "1-0"]
[WhiteTitle "FM"]
[WhiteElo "2087"]
[BlackElo "1655"]
[WhiteTeam "Palestine"]
[BlackTeam "Afghanistan"]
[WhiteFideId "11500255"]
[BlackFideId "11700394"]
[EventDate "2016.09.02"]

1. Nf3 Nf6 2. d4 d5 3. c4 c6 4. e3 e6 5. Nbd2 Be7 6. Bd3 dxc4 7. Nxc4 Nbd7 8.
O-O b5 9. Nce5 Bb7 10. Bd2 a6 11. Rc1 Rc8 12. Nxf7 Kxf7 13. Ng5+ Kg8 14. Nxe6
Qe8 15. Bf5 g6 16. Bh3 h5 17. Ng5 Ng4 18. Qb3+ Kg7 19. Ne6+ Kh7 20. f3 Nh6 21.
e4 Nf7 22. f4 c5 23. d5 c4 24. Qf3 b4 25. f5 Nfe5 26. Qf4 Kg8 27. fxg6 Nxg6 28.
Qg3 h4 29. Qf2 Nde5 30. Nd4 Bc5 31. Be6+ Kh7 32. Be3 Rc7 33. Qf5 Bc8 34. Qh5+
Kg7 35. Nf5+ Kf8 36. Bxc5+ Rxc5 37. Qg5 Bxe6 38. Nd6+ Bf7 39. Nxe8 Kxe8 40. Rf5 1-0

[Event "42nd Olympiad 2016"]
[Site "Baku AZE"]
[Date "2016.09.09"]
[Round "7.59"]
[Board "2"]
[White "Farazi, Khaiber"]
[Black "Alhadad, Mahmoud"]
[Result "1-0"]
[BlackTitle "CM"]
[WhiteElo "2097"]
[BlackElo "1999"]
[WhiteTeam "Afghanistan"]
[BlackTeam "Palestine"]
[WhiteFideId "11700599"]
[BlackFideId "11501863"]
[EventDate "2016.09.02"]

1. d4 Nf6 2. c4 e5 3. dxe5 Ng4 4. e4 Nxe5 5. f4 Ng6 6. Nf3 Bc5 7. g3 Nc6 8. a3
a5 9. Qd3 O-O 10. Nc3 Re8 11. Bd2 d6 12. O-O-O Bg4 13. Bg2 Bxf3 14. Bxf3 Nd4 15.
Bg2 Qd7 16. h4 c6 17. Be3 Nb3+ 18. Kc2 Bxe3 19. Qxe3 a4 20. Qd3 b5 21. cxb5 cxb5
22. e5 Rab8 23. h5 Nf8 24. Qxd6 Qg4 25. Qd3 Red8 26. Bd5 Ne6 27. Kb1 Nec5 28.
Qe3 Qf5+ 29. Be4 Rxd1+ 30. Rxd1 Nxe4 31. Qxe4 Qxh5 32. Ka2 Qg4 33. Qb7 Rc8 34.
Qxb5 h6 35. Qd7 Qxd7 36. Rxd7 Nc5 37. Rd4 Ra8 38. Rc4 Ra5 39. Ne4 Nxe4 40. Rxe4
Kh7 41. b3 axb3+ 42. Kxb3 Kg6 43. a4 Kf5 44. Re3 h5 45. Kb4 Ra8 46. e6 fxe6 47.
Re5+ Kg6 48. Rxe6+ Kf7 49. Re5 Rh8 50. a5 h4 51. gxh4 Rxh4 52. Re4 g5 53. a6
gxf4 54. a7 Rh8 55. Kb5 Kf6 56. Rxf4+ Ke5 57. Ra4 1-0

[Event "42nd Olympiad 2016"]
[Site "Baku AZE"]
[Date "2016.09.09"]
[Round "7.59"]
[Board "3"]
[White "Allam, Mohamed"]
[Black "Mirzaad, Swahabuddin"]
[Result "0-1"]
[BlackTitle "CM"]
[WhiteElo "1850"]
[BlackElo "2069"]
[WhiteTeam "Palestine"]
[BlackTeam "Afghanistan"]
[WhiteFideId "11501731"]
[BlackFideId "11700785"]
[EventDate "2016.09.02"]

1. e4 d5 2. exd5 Qxd5 3. Nc3 Qa5 4. d4 c6 5. Nf3 Bg4 6. h3 Bh5 7. g4 Bg6 8. Ne5
Nf6 9. Bg2 Nbd7 10. Nc4 Qc7 11. Qf3 e6 12. Bf4 Qd8 13. O-O-O Nb6 14. Na5 Qd7 15.
a3 Be7 16. Bg3 O-O 17. Rhe1 Rac8 18. h4 h5 19. g5 Ne8 20. Ne2 Bd6 21. Nb3 Nd5
22. Nc5 Qc7 23. Bh3 b6 24. Ne4 Bxg3 25. fxg3 Nd6 26. Nxd6 Qxd6 27. Nf4 Nxf4 28.
gxf4 Rcd8 29. Re5 Rd7 30. Qe3 Kh7 31. Qf3 Rfd8 32. c3 Qc7 33. Qe3 Kg8 34. Bg2
Bf5 35. b3 Qd6 36. Kb2 f6 37. gxf6 gxf6 38. Rxf5 exf5 39. Bf3 Rg7 40. Rg1 Rxg1
41. Qxg1+ Kh7 42. Bxh5 Rg8 43. Qf2 c5 44. dxc5 Qxc5 45. Qe2 Qd6 46. Bf7 Rg4 47.
Be6 Qxf4 48. Qc2 Rxh4 49. Qxf5+ Qxf5 50. Bxf5+ Kh6 51. b4 Kg5 52. Bd7 f5 53. Kb3
f4 54. c4 f3 55. c5 bxc5 56. bxc5 Kf6 57. Kc3 f2 58. Bb5 Ke5 0-1